Elementary number theory /
Guardado en:
| Autor Principal: | |
|---|---|
| Otros Autores: | |
| Formato: | Libro |
| Idioma: | English |
| Publicado: |
London :
Springer,
c1998.
|
| Series: | Springer undergraduate mathematics series
|
| Materias: | |
| Etiquetas: |
Agregar Etiqueta
Sin Etiquetas, Sea el primero en etiquetar este registro!
|
| LEADER | 00761pam a2200229 a 4500 | ||
|---|---|---|---|
| 001 | MAT.inmabb004774 | ||
| 008 | 970912s1998####enka#####b####001#0#eng## | ||
| 005 | 20130227162824.0 | ||
| 245 | 1 | 0 | |a Elementary number theory / |c Gareth A. Jones and J. Mary Jones. |
| 260 | |a London : |b Springer, |c c1998. | ||
| 300 | |a xiv, 301 p. : |b il. ; |c 24 cm. | ||
| 440 | 0 | |a Springer undergraduate mathematics series | |
| 504 | |a Incluye referencias bibliográficas (p. 289-290) e índices. | ||
| 510 | 4 | |a MR, |c 2000b:11002 | |
| 020 | |a 3540761977 | ||
| 100 | 1 | |a Jones, Gareth A. | |
| 700 | 1 | |a Jones, J. Mary |q (Josephine Mary), |d 1946- | |
| 650 | 0 | |a Number theory. | |
| 084 | |a 11-01 |2 msc2000 | ||
| 010 | |a 97041193 | ||
| 040 | |a DLC |c DLC |d DLC | ||
| 859 | |h 11 |i J765 |p A-8477 |b BIB. MATEMATICA | ||
